| 000 | 00609nam a2200205Ia 4500 | ||
|---|---|---|---|
| 008 | 241004s9999 xx 000 0 und d | ||
| 020 | _a9781350181922 | ||
| 037 | _aTextbook | ||
| 040 |
_aARTS _beng _cARTS |
||
| 041 |
_aeng _2eng |
||
| 084 |
_aNW R2 _qARTS |
||
| 100 |
_aSinnerbrink Robert Au. _9724632 |
||
| 245 |
_aNew philosophies of film: an introduction to cinema as a way of thinking _cSinnerbrink Robert Au. |
||
| 250 | _a2nd | ||
| 260 |
_aUK _bLondon Bloomsbury Academic _c2022 |
||
| 300 | _axiv,413p. | ||
| 365 |
_aUKP _b19.99 |
||
| 942 |
_cTB _hNW R2 |
||
| 999 |
_c1218779 _d1218779 |
||